000 03402cam a22008057a 4500
001 4741175
003 LIBRIS
005 20230316090814.0
008 011211s1983 xxu|||||||||||001 0|eng|c
020 _a0262680424
020 _a9780262680424
040 _aArk
_ea
_cN
041 _aeng
082 4 _a711.4092 L36 1983
_223
084 _aIct
_2kssb/8
084 _aIct
_2kssb/7
084 _aIc:d
_2kssb/7
100 1 _aRowe, Colin
245 1 0 _aCollage city /
_cColin Rowe & Fred Koetter.
250 _a1. MIT Press pbk. ed.
264 1 _aCambridge, Mass.
_bMIT,
_c1983
300 _a185 s.
_bill.
650 7 _aStadsplanering (estetik)
_0https://id.kb.se/term/sao/Stadsplanering%20%28estetik%29
_2sao
650 7 _aArkitekturteori
_0https://id.kb.se/term/sao/Arkitekturteori
_2sao
650 0 _aCity planning
650 7 _aStadsplanekonst
_2sao
650 7 _aStadsplanering
_0https://id.kb.se/term/sao/Stadsplanering
_2sao
650 7 _aArkitekturteori
_0https://id.kb.se/term/sao/Arkitekturteori
_2sao
700 1 _aKoetter, Fred
775 0 _z0-262-18086-3
_w0262180863
887 _a{"@id":"tb4wnq455277m51","modified":"2013-11-12T10:15:21+01:00"}
_2librisxl
887 _a{"@id":"48f6q5s909fc8c7","modified":"2016-10-20T12:14:02+02:00"}
_2librisxl
887 _a{"@id":"t37sqplbrptx7qfn","modified":"2018-11-02T11:29:29.053+01:00"}
_2librisxl
887 _a{"@id":"v9473662s2j4t1z6","modified":"2022-03-21T12:52:05.074+01:00"}
_2librisxl
887 _a{"@id":"04cphdz50hdqcf0","modified":"2017-11-08T10:24:26+01:00"}
_2librisxl
887 _a{"@id":"fkr9f08l49rr1pn","modified":"2013-11-12T10:15:39+01:00"}
_2librisxl
887 _a{"@id":"04b9jkd50xrr80p","modified":"2014-03-17T13:46:52+01:00"}
_2librisxl
887 _a{"@id":"48gck5m93vbldpv","modified":"2018-01-08T12:45:17+01:00"}
_2librisxl
887 _a{"@id":"59hz4h2b4mw7m28","modified":"2013-01-23T12:40:40+01:00"}
_2librisxl
887 _a{"@id":"6bh3ztmc4ccvdcc","modified":"2005-07-05T11:04:08+02:00"}
_2librisxl
887 _a{"@id":"cn5041j09621cc6p","modified":"2019-10-28T10:32:30.95+01:00"}
_2librisxl
942 _2ddc
_cBK-EN
_n0
999 _c6028
_d6028